000 00391nam a22001217a 4500
999 _c516978
_d516978
082 _aTNC A84X54 In2/ 1986
100 _aResearch and Reference Division
_923854
245 _aIndia 1986 :
_bA reference annual
_cResearch and Reference Division
260 _aNew Delhi
_bDivision
_c1987
300 _a772p.
650 _aIndia - yearbook
_923855
650 _aIndia handbook, manuals etc.
_923856